LEADER 01410nam0 22003371i 450 001 RML0293236 005 20231121125737.0 010 $a1891843176 100 $a20121121d2003 ||||0itac50 ba 101 | $aeng 102 $aus 181 1$6z01$ai $bxxxe 182 1$6z01$an 200 1 $aRule of power or rule of law?$ean assessment of U.S policies and actions regarding security-related treaties$feditors, Nicole Deller, Arjun Makhijani, and John Burroughs$gcontributing authors, John Burroughs ... [et al.] 210 $aNew York $cThe Apex press $d©2003 215 $aXXXVIII, 226 p.$d23 cm. 606 $aTrattati e convenzioni internazionali$2FIR$3RMLC002234$9I 676 $a341.09$9$v21 702 1$aBurroughs$b, John$3RMLV189335 702 1$aMakhijani$b, Arjun$3RMLV189336 702 1$aDeller$b, Nicole$3RMLV189337 712 02$aInstitute for Energy and Enviromental Research$3RMLV189333 712 02$aLawyers' Committee on Nuclear Policy$3RMLV189334 801 3$aIT$bIT-01$c20121121 850 $aIT-FR0098 899 $aBiblioteca Area Giuridico Economica$bFR0098 912 $aRML0293236 950 0$aBiblioteca Area Giuridico Economica$d 53DSG 18/82$e 53VM 0000628335 VM barcode:BAEG0001523. - Inventario:13995VM$fA $h20060829$i20121204 977 $a 53 996 $aRule of power or rule of law$91035440 997 $aUNICAS LEADER 01162nam0 2200313 i 450 001 CFI0081846 005 20231121125434.0 010 $a8875142130 020 $aIT$b89-1110 100 $a20121116d1987 ||||0itac50 ba 101 | $aita 102 $ait 181 1$6z01$ai $bxxxe 182 1$6z01$an 200 1 $a˜Lo œsguardo impedito$estudi sulle relazioni di viaggio in Nouvelle-France e sulla letteratura popolare$fPaolo Carile 210 $aFasano$cSchena$d\1987! 215 $a403 p., \10! c. di tav.$cill.$d22 cm 225 | $aBiblioteca della ricerca$i. Cultura straniera$v17 300 $aGià pubbl. 410 0$1001CFI0020403$12001 $aBiblioteca della ricerca$i. Cultura straniera$v17 700 1$aCarile$b, Paolo$3CFIV052050$4070$0131115 801 3$aIT$bIT-01$c20121116 850 $aIT-FR0017 899 $aBiblioteca umanistica Giorgio Aprea$bFR0017 912 $aCFI0081846 950 0$aBiblioteca umanistica Giorgio Aprea$d 52MAG 12/2039$e 52MAG0000191805 VMN RS $fA $h20121116$i20121116 977 $a 52 996 $aSguardo impedito$9176949 997 $aUNICAS